Alexander The Great Quiz #1 - Statistics

General Stats
  • This quiz has been taken 121 times
  • The average score is 10 of 15
Answer Stats
Question Answer % Correct
Who was Alexander taught by? Aristotle
97%
How old was alexander when he died 32
94%
which God did alexander claim descendant of Zeus
94%
First intellectual capital in the world (created by alexander) Alexandria (Egypt)
84%
How far east did he spread Greek culture (modern borders) india
81%
Did Alexander lose a battle? No
81%
which modern city was Alexander born in? Pella
75%
which ethnicity did alexander claim he was from? hellenic (greek)
69%
who saved alexander from getting killed in battle cleitus the black
66%
What language did Alexander get the first testament translated to? Ancient Greek
63%
which present day country did alexander the great die in? Iraq
63%
What dynasty was alexander in? Argead
41%
What was the name of Alexanders sister? Cleopatra
38%
How much did his funeral cost (converted to USD) 600,000,000
25%
How many cities around the world did he name after himself? 70+
13%
No matching quizzes found
Score Distribution
Percent of People with Each Score
Percentile by Number Answered
Your Score History
You have not taken this quiz